[Event "Quebec-ch U16"]
[Site "Montreal CAN"]
[Date "1998.03.06"]
[Round "4"]
[White "Fortin, Marc"]
[Black "Desmarais, Emmanuel"]
[Result "1/2-1/2"]
[WhiteElo "1777"]
[BlackElo "1693"]
[PlyCount "42"]
[GameId "2160767911873787"]
[EventDate "1998.03.05"]
[EventType "tourn"]
[EventRounds "7"]
[EventCountry "CAN"]
[SourceTitle "EXT 2000"]
[Source "ChessBase"]
[SourceDate "1999.11.18"]
[SourceVersion "1"]
[SourceVersionDate "1999.11.18"]
[SourceQuality "1"]

1. e4 c6 2. d4 d5 3. exd5 cxd5 4. c4 Nf6 5. Nc3 e6 6. Bg5 Be7 7. Nf3 b6 8. Bd3 dxc4 9. Bxc4 O-O 10. O-O Bb7 11. Qe2 Re8 12. Rfd1 Nd5 13. Bxe7 Qxe7 14. Bxd5 Bxd5 15. Nxd5 exd5 16. Qxe7 Rxe7 17. Rac1 Na6 18. Ne5 f6 19. Nc6 Rc7 20. Rc3 Re8 21. Kf1 Kf7 1/2-1/2

[Event "Quebec-ch U16"]
[Site "Montreal CAN"]
[Date "1998.03.06"]
[Round "4"]
[White "Laframboise, Marc-Andre"]
[Black "Falardeau, Bruno"]
[Result "0-1"]
[WhiteElo "1686"]
[BlackElo "1631"]
[PlyCount "82"]
[GameId "2160767911873788"]
[EventDate "1998.03.05"]
[EventType "tourn"]
[EventRounds "7"]
[EventCountry "CAN"]
[SourceTitle "EXT 2000"]
[Source "ChessBase"]
[SourceDate "1999.11.18"]
[SourceVersion "1"]
[SourceVersionDate "1999.11.18"]
[SourceQuality "1"]

1. d4 e6 2. c4 Nf6 3. Nf3 b6 4. g3 Bb7 5. Bg2 d5 6. Bg5 Nbd7 7. cxd5 Bxd5 8. O-O Be7 9. Nc3 Bb7 10. Qc2 O-O 11. Rad1 Qc8 12. e4 h6 13. Bf4 a6 14. Rfe1 Bb4 15. a3 Bxc3 16. bxc3 c5 17. Bd6 Rd8 18. e5 Nd5 19. c4 cxd4 20. Rxd4 Nc7 21. Rh4 Bxf3 22. Bxf3 Ra7 23. Ree4 f5 24. Rd4 Nb5 25. Rd2 Nxd6 26. exd6 Nc5 27. Rhd4 Rad7 28. g4 g6 29. gxf5 gxf5 30. Qd1 Rg7+ 31. Kh1 e5 32. Rd5 e4 33. Bg2 f4 34. Qh5 Kh7 35. Bh3 Qb7 36. Bf5+ Kg8 37. Qxh6 f3 38. Be6+ Nxe6 39. Qxe6+ Qf7 40. Qxe4 Rg1+ 41. Kxg1 Qg7+ 0-1

[Event "Quebec-ch U16"]
[Site "Montreal CAN"]
[Date "1998.03.06"]
[Round "4"]
[White "Mogilevsky, Olga"]
[Black "Bachand-Fleurent, Julien"]
[Result "1/2-1/2"]
[WhiteElo "1601"]
[BlackElo "1657"]
[PlyCount "59"]
[GameId "2160767911873789"]
[EventDate "1998.03.05"]
[EventType "tourn"]
[EventRounds "7"]
[EventCountry "CAN"]
[SourceTitle "EXT 2000"]
[Source "ChessBase"]
[SourceDate "1999.11.18"]
[SourceVersion "1"]
[SourceVersionDate "1999.11.18"]
[SourceQuality "1"]

1. e4 e6 2. d4 d5 3. e5 c5 4. c3 Nc6 5. Nf3 Qb6 6. a3 Bd7 7. b4 cxd4 8. cxd4 Be7 9. Bb2 f6 10. Be2 Nh6 11. O-O Nf7 12. Re1 O-O 13. Nbd2 fxe5 14. dxe5 Nh6 15. h3 Bh4 16. Rf1 Bg3 17. Nc4 Qc7 18. fxg3 dxc4 19. Bxc4 Nf7 20. Qe2 Rad8 21. Rad1 Bc8 22. Bb3 Qe7 23. Rxd8 Rxd8 24. Rd1 Rxd1+ 25. Qxd1 a5 26. bxa5 Qc5+ 27. Kh2 Qxa5 28. Qe2 Qc5 29. Qc4 Qa5 30. Qe2 1/2-1/2

[Event "Quebec-ch U16"]
[Site "Montreal CAN"]
[Date "1998.03.07"]
[Round "5"]
[White "Bachand-Fleurent, Julien"]
[Black "Caire, Francois"]
[Result "1-0"]
[WhiteElo "1657"]
[BlackElo "1622"]
[PlyCount "97"]
[GameId "2160767911873790"]
[EventDate "1998.03.05"]
[EventType "tourn"]
[EventRounds "7"]
[EventCountry "CAN"]
[SourceTitle "EXT 2000"]
[Source "ChessBase"]
[SourceDate "1999.11.18"]
[SourceVersion "1"]
[SourceVersionDate "1999.11.18"]
[SourceQuality "1"]

1. e4 c5 2. Nf3 Nc6 3. d4 cxd4 4. Nxd4 Nf6 5. Nc3 e5 6. Ndb5 d6 7. Bg5 a6 8. Na3 b5 9. Nd5 Be7 10. Bxf6 Bxf6 11. c3 Bg5 12. Nc2 O-O 13. a4 bxa4 14. Rxa4 a5 15. Nce3 Be6 16. Bd3 Ne7 17. Bc4 Nxd5 18. Nxd5 Bxd5 19. Qxd5 Rc8 20. O-O Rc5 21. Qd3 Qc7 22. b3 Rc8 23. Rd1 Rd8 24. Rda1 Rc8 25. Rd1 Rd8 26. Qh3 g6 27. Rd3 Kh8 28. Qg4 Qe7 29. g3 Bh6 30. Rd5 Rxd5 31. Bxd5 Qc7 32. Rc4 Qd7 33. Qf3 Rf8 34. Qd3 Rd8 35. Rc6 Bf8 36. Qc4 f6 37. Be6 Qe8 38. Rc7 Bg7 39. Bf7 Qf8 40. Qd5 Ra8 41. Rd7 Rd8 42. Ra7 Rc8 43. Qxa5 Bh6 44. Be6 Rd8 45. Qc7 Bg7 46. b4 Rb8 47. Kf1 h6 48. Ke2 g5 49. Kd3 1-0

[Event "Quebec-ch U16"]
[Site "Montreal CAN"]
[Date "1998.03.07"]
[Round "5"]
[White "Desmarais, Emmanuel"]
[Black "Mogilevsky, Olga"]
[Result "1-0"]
[WhiteElo "1693"]
[BlackElo "1601"]
[PlyCount "115"]
[GameId "2160767911873791"]
[EventDate "1998.03.05"]
[EventType "tourn"]
[EventRounds "7"]
[EventCountry "CAN"]
[SourceTitle "EXT 2000"]
[Source "ChessBase"]
[SourceDate "1999.11.18"]
[SourceVersion "1"]
[SourceVersionDate "1999.11.18"]
[SourceQuality "1"]

1. e4 e5 2. Nf3 Nc6 3. d4 exd4 4. Bc4 d5 5. exd5 Na5 6. Qxd4 Nxc4 7. Qxc4 Nf6 8. Nc3 Be7 9. Bf4 Bd6 10. O-O-O Bxf4+ 11. Qxf4 O-O 12. Rhe1 a6 13. Ne4 Nxe4 14. Rxe4 Qd6 15. Qxd6 cxd6 16. Re7 f6 17. Rde1 Rf7 18. Nd4 Rxe7 19. Rxe7 Kf8 20. Rc7 Rb8 21. f4 Kg8 22. f5 g6 23. g4 g5 24. Ne6 Bxe6 25. dxe6 d5 26. Kd2 b5 27. Kd3 d4 28. Ra7 h6 29. Rxa6 Kf8 30. Ra7 Ke8 31. Rc7 b4 32. Kxd4 Ra8 33. Rb7 Rxa2 34. Rxb4 Ra1 35. Rb8+ Ke7 36. Rh8 Ra4+ 37. c4 Ra2 38. Kc3 Ra1 39. Rxh6 Rc1+ 40. Kb3 Rg1 41. h3 Re1 42. Rh7+ Ke8 43. Kb4 Re3 44. Kb5 Rb3+ 45. Kc6 Rxb2 46. c5 Rc2 47. Rd7 Rc1 48. Rd3 Ra1 49. Rd7 Re1 50. Rf7 Re3 51. Rxf6 Rxh3 52. Rg6 Ke7 53. Rxg5 Rf3 54. Rg7+ Ke8 55. Rf7 Rg3 56. f6 Rxg4 57. Ra7 Rf4 58. Ra8# 1-0

[Event "Quebec-ch U16"]
[Site "Montreal CAN"]
[Date "1998.03.07"]
[Round "5"]
[White "Falardeau, Bruno"]
[Black "Fortin, Marc"]
[Result "1-0"]
[WhiteElo "1631"]
[BlackElo "1777"]
[PlyCount "69"]
[GameId "2160767911873792"]
[EventDate "1998.03.05"]
[EventType "tourn"]
[EventRounds "7"]
[EventCountry "CAN"]
[SourceTitle "EXT 2000"]
[Source "ChessBase"]
[SourceDate "1999.11.18"]
[SourceVersion "1"]
[SourceVersionDate "1999.11.18"]
[SourceQuality "1"]

1. e4 c5 2. Nf3 d6 3. Bb5+ Bd7 4. Bxd7+ Qxd7 5. d4 cxd4 6. Nxd4 Nf6 7. Nc3 Nc6 8. Be3 g6 9. O-O Bg7 10. h3 O-O 11. f4 Nxd4 12. Bxd4 Qc6 13. Qf3 Rfd8 14. Rad1 a6 15. f5 gxf5 16. Qxf5 Kh8 17. Nd5 e6 18. Qxf6 e5 19. Bxe5 dxe5 20. Qxc6 bxc6 21. Nb4 f6 22. Nxc6 Rdc8 23. Rd6 Rc7 24. Rfd1 Bf8 25. Rxf6 Rac8 26. Rd8 Rxd8 27. Nxd8 Be7 28. Ne6 Rc6 29. Rh6 Bg5 30. Nxg5 Rxh6 31. Nf7+ Kg7 32. Nxh6 Kxh6 33. c4 Kg6 34. Kf2 Kf6 35. b4 1-0

[Event "Quebec-ch U16"]
[Site "Montreal CAN"]
[Date "1998.03.07"]
[Round "5"]
[White "Moss, Laurent"]
[Black "Laframboise, Marc-Andre"]
[Result "1-0"]
[WhiteElo "1595"]
[BlackElo "1686"]
[PlyCount "116"]
[GameId "2160767911873793"]
[EventDate "1998.03.05"]
[EventType "tourn"]
[EventRounds "7"]
[EventCountry "CAN"]
[SourceTitle "EXT 2000"]
[Source "ChessBase"]
[SourceDate "1999.11.18"]
[SourceVersion "1"]
[SourceVersionDate "1999.11.18"]
[SourceQuality "1"]

1. d4 Nf6 2. c4 g6 3. Nc3 Bg7 4. e4 d6 5. Be2 O-O 6. h4 e5 7. d5 c6 8. h5 cxd5 9. cxd5 Nbd7 10. hxg6 hxg6 11. Bg5 Re8 12. Qd2 Nc5 13. f3 a6 14. g4 Qe7 15. Bh6 Qf8 16. O-O-O b5 17. Rf1 Bb7 18. Kb1 b4 19. Nd1 Nfxe4 20. fxe4 Nxe4 21. Qe3 Bxd5 22. Bxg7 Qxg7 23. Rh4 Nc5 24. g5 Be6 25. Bg4 Bc4 26. Rf6 Rad8 27. Nf2 e4 28. Bd1 Be6 29. Bc2 Nd7 30. Nxe4 d5 31. Nd6 Nxf6 32. gxf6 Qxf6 33. Rf4 Qe7 34. Nxe8 Rxe8 35. Nf3 Bd7 36. Qxe7 Rxe7 37. Rxb4 Re3 38. Bd1 Rd3 39. Kc1 Bb5 40. a4 Be8 41. Be2 Re3 42. Kd2 Re4 43. Rb8 Kg7 44. a5 Re6 45. Rb6 Re4 46. Bxa6 Ra4 47. Bb5 Bxb5 48. Rxb5 d4 49. Kd3 Kh6 50. Nxd4 g5 51. Rb6+ Kh5 52. a6 g4 53. Ne2 f5 54. b4 Ra3+ 55. Kc4 g3 56. Nxg3+ Rxg3 57. Rb5 Rg4+ 58. Kb3 Rg3+ 1-0

[Event "Quebec-ch U16"]
[Site "Montreal CAN"]
[Date "1998.03.07"]
[Round "6"]
[White "Bachand-Fleurent, Julien"]
[Black "Desmarais, Emmanuel"]
[Result "1/2-1/2"]
[WhiteElo "1657"]
[BlackElo "1693"]
[PlyCount "121"]
[GameId "2160767911873794"]
[EventDate "1998.03.05"]
[EventType "tourn"]
[EventRounds "7"]
[EventCountry "CAN"]
[SourceTitle "EXT 2000"]
[Source "ChessBase"]
[SourceDate "1999.11.18"]
[SourceVersion "1"]
[SourceVersionDate "1999.11.18"]
[SourceQuality "1"]

1. e4 c6 2. d4 d5 3. Nc3 dxe4 4. Nxe4 Bf5 5. Ng3 Bg6 6. h4 h6 7. h5 Bh7 8. Nf3 Nd7 9. Bd3 Bxd3 10. Qxd3 Ngf6 11. Bf4 Qa5+ 12. Bd2 Qc7 13. Ne2 e6 14. g3 O-O-O 15. Qb3 Bd6 16. O-O-O Ne4 17. Be3 Kb8 18. Nc3 Nxc3 19. Qxc3 Nf6 20. Kb1 Nd5 21. Qb3 Nxe3 22. Qxe3 c5 23. c3 Rd7 24. Rd2 Rhd8 25. Rhd1 cxd4 26. Nxd4 Bc5 27. Qf3 a6 28. Qe2 Rd5 29. Nb3 Rxd2 30. Rxd2 Rxd2 31. Nxd2 Be7 32. Qf3 Qd7 33. Nb3 Bd6 34. Qg4 Be5 35. Qf3 Bf6 36. Nc5 Qb5 37. Ne4 Qd5 38. Qe2 Bg5 39. Nxg5 Qxg5 40. Kc2 Qf5+ 41. Kc1 Qd5 42. Kb1 g5 43. hxg6 fxg6 44. a3 h5 45. Kc2 Qf5+ 46. Kd2 Qd5+ 47. Qd3 Kc7 48. Ke2 Qxd3+ 49. Kxd3 g5 50. Ke4 Kd6 51. b3 b5 52. Kd4 h4 53. gxh4 gxh4 54. Ke4 h3 55. Kf3 Ke5 56. Kg3 Ke4 57. c4 bxc4 58. bxc4 Kd4 59. Kxh3 Kxc4 60. Kg3 e5 61. Kf3 1/2-1/2

[Event "Quebec-ch U16"]
[Site "Montreal CAN"]
[Date "1998.03.07"]
[Round "6"]
[White "Caire, Francois"]
[Black "Laframboise, Marc-Andre"]
[Result "0-1"]
[WhiteElo "1622"]
[BlackElo "1686"]
[PlyCount "72"]
[GameId "2160767911873795"]
[EventDate "1998.03.05"]
[EventType "tourn"]
[EventRounds "7"]
[EventCountry "CAN"]
[SourceTitle "EXT 2000"]
[Source "ChessBase"]
[SourceDate "1999.11.18"]
[SourceVersion "1"]
[SourceVersionDate "1999.11.18"]
[SourceQuality "1"]

1. d4 Nf6 2. c4 g6 3. Nc3 Bg7 4. e4 d6 5. f3 O-O 6. Be3 e5 7. d5 c6 8. Qd2 cxd5 9. cxd5 Nbd7 10. O-O-O a6 11. g4 b5 12. h4 Nb6 13. Bh6 Nc4 14. Bxc4 bxc4 15. h5 Ra7 16. Nge2 Rb7 17. Ng3 Qb6 18. Bxg7 Kxg7 19. Rh2 Kg8 20. Rdh1 a5 21. Rh3 Rd8 22. hxg6 fxg6 23. Rh6 Rf8 24. Qe2 Rff7 25. R6h2 Rbc7 26. Nf1 Nd7 27. Nd1 Ba6 28. Qg2 Nc5 29. Kb1 Nd3 30. Ka1 a4 31. a3 Qd4 32. Rh3 c3 33. R1h2 cxb2+ 34. Nxb2 Rc1+ 35. Ka2 Bc4+ 36. Nxc4 Qxc4# 0-1

[Event "Quebec-ch U16"]
[Site "Montreal CAN"]
[Date "1998.03.07"]
[Round "6"]
[White "Fortin, Marc"]
[Black "Moss, Laurent"]
[Result "1/2-1/2"]
[WhiteElo "1777"]
[BlackElo "1595"]
[PlyCount "23"]
[GameId "2160767911873796"]
[EventDate "1998.03.05"]
[EventType "tourn"]
[EventRounds "7"]
[EventCountry "CAN"]
[SourceTitle "EXT 2000"]
[Source "ChessBase"]
[SourceDate "1999.11.18"]
[SourceVersion "1"]
[SourceVersionDate "1999.11.18"]
[SourceQuality "1"]

1. e4 c5 2. Nf3 d6 3. d4 cxd4 4. Nxd4 Nf6 5. Nc3 g6 6. Be2 Bg7 7. Be3 Nc6 8. O-O O-O 9. f4 Qb6 10. Na4 Qa5 11. Nc3 Qb6 12. Na4 1/2-1/2

[Event "Quebec-ch U16"]
[Site "Montreal CAN"]
[Date "1998.03.07"]
[Round "6"]
[White "Mogilevsky, Olga"]
[Black "Falardeau, Bruno"]
[Result "1-0"]
[WhiteElo "1601"]
[BlackElo "1631"]
[PlyCount "49"]
[GameId "2160767911873797"]
[EventDate "1998.03.05"]
[EventType "tourn"]
[EventRounds "7"]
[EventCountry "CAN"]
[SourceTitle "EXT 2000"]
[Source "ChessBase"]
[SourceDate "1999.11.18"]
[SourceVersion "1"]
[SourceVersionDate "1999.11.18"]
[SourceQuality "1"]

1. e4 e6 2. d4 d5 3. e5 c5 4. c3 Nc6 5. Nf3 Qb6 6. a3 Nge7 7. b4 cxb4 8. cxb4 Nf5 9. Bb2 a6 10. Be2 Bd7 11. O-O Be7 12. Kh1 Rc8 13. g4 Nh4 14. Nxh4 Bxh4 15. f4 Na5 16. Nd2 Nc4 17. Nxc4 dxc4 18. Bc3 Qd8 19. Bf3 Bc6 20. Bxc6+ Rxc6 21. Qf3 Qd7 22. Ra2 Rc8 23. Kg1 b5 24. g5 h6 25. Qh5 1-0

[Event "Quebec-ch U16"]
[Site "Montreal CAN"]
[Date "1998.03.08"]
[Round "7"]
[White "Desmarais, Emmanuel"]
[Black "Caire, Francois"]
[Result "1/2-1/2"]
[WhiteElo "1693"]
[BlackElo "1622"]
[PlyCount "114"]
[GameId "2160767911873798"]
[EventDate "1998.03.05"]
[EventType "tourn"]
[EventRounds "7"]
[EventCountry "CAN"]
[SourceTitle "EXT 2000"]
[Source "ChessBase"]
[SourceDate "1999.11.18"]
[SourceVersion "1"]
[SourceVersionDate "1999.11.18"]
[SourceQuality "1"]

1. e4 c5 2. Nc3 Nc6 3. g3 g6 4. Bg2 Bg7 5. d3 d6 6. f4 e6 7. Nge2 Nge7 8. O-O O-O 9. g4 f5 10. Ng3 Nd4 11. gxf5 exf5 12. Nce2 Nec6 13. c3 Nxe2+ 14. Nxe2 Kh8 15. Be3 Bd7 16. Qd2 Rb8 17. Rad1 b5 18. d4 c4 19. e5 Ne7 20. Bf2 d5 21. Bh4 Be6 22. Kh1 Qd7 23. Ng1 Nc6 24. Nf3 b4 25. Rb1 Rb6 26. Rfc1 Rfb8 27. Qd1 Qb7 28. Nd2 Qa6 29. b3 bxc3 30. Rxc3 Qxa2 31. Qe1 Qa6 32. bxc4 Nxd4 33. Ra1 Qb7 34. Qd1 Bg8 35. Bf2 Nb3 36. Rxa7 Qxa7 37. Rxb3 Qc7 38. Bxb6 Rxb6 39. cxd5 Rxb3 40. Nxb3 Qc4 41. d6 Qxf4 42. Qd4 Bxe5 43. Qxf4 Bxf4 44. d7 Bc7 45. Nc5 Kg7 46. Nb7 Kf6 47. d8=Q+ Bxd8 48. Nxd8 h5 49. Nc6 g5 50. h3 h4 51. Nb4 g4 52. hxg4 fxg4 53. Bb7 Kf5 54. Nd3 g3 55. Kg2 Bc4 56. Ne1 Be6 57. Kf3 Kg5 1/2-1/2

[Event "Quebec-ch U16"]
[Site "Montreal CAN"]
[Date "1998.03.08"]
[Round "7"]
[White "Falardeau, Bruno"]
[Black "Bachand-Fleurent, Julien"]
[Result "0-1"]
[WhiteElo "1631"]
[BlackElo "1657"]
[PlyCount "130"]
[GameId "2160767911873799"]
[EventDate "1998.03.05"]
[EventType "tourn"]
[EventRounds "7"]
[EventCountry "CAN"]
[SourceTitle "EXT 2000"]
[Source "ChessBase"]
[SourceDate "1999.11.18"]
[SourceVersion "1"]
[SourceVersionDate "1999.11.18"]
[SourceQuality "1"]

1. e4 e6 2. d4 d5 3. exd5 exd5 4. Bd3 c5 5. Nf3 Bd6 6. Nc3 Nf6 7. Bg5 Be6 8. O-O O-O 9. Re1 a6 10. Qd2 Nbd7 11. Rad1 c4 12. Bf1 Qc7 13. h3 h6 14. Bxf6 Nxf6 15. Ne5 Nd7 16. f4 Nb6 17. Qf2 Bf5 18. g4 Bh7 19. Bg2 f6 20. Nxd5 Nxd5 21. Bxd5+ Kh8 22. Nxc4 Bxf4 23. Rf1 g5 24. Qg2 Rad8 25. c3 Rxd5 26. Qxd5 Bg8 27. Qc5 Qxc5 28. dxc5 Bxc4 29. Rfe1 Rf7 30. Rd8+ Kg7 31. b3 Bb5 32. Re6 Rc7 33. c4 Bc6 34. Re1 Be5 35. Rdd1 Bc3 36. Re3 Bb4 37. Re6 Bxc5+ 38. Kh2 Kf7 39. Ree1 Be7 40. Re3 Bd7 41. Red3 Bc6 42. Re3 Bc5 43. Ree1 Re7 44. Rxe7+ Kxe7 45. Re1+ Kf7 46. Rd1 Be7 47. Re1 Be8 48. Re2 Bd6+ 49. Kg1 Be5 50. Rd2 Ke7 51. Rd1 h5 52. Kf2 hxg4 53. hxg4 Bd7 54. Kf3 f5 55. gxf5 Bxf5 56. Re1 Kf6 57. Rh1 g4+ 58. Kf2 Kg5 59. Re1 Kf4 60. Rd1 g3+ 61. Kg1 Be4 62. Rd7 Ke3 63. Rd1 Bd4 64. Kf1 Bf3 65. Re1+ Kd2 0-1

[Event "Quebec-ch U16"]
[Site "Montreal CAN"]
[Date "1998.03.08"]
[Round "7"]
[White "Laframboise, Marc-Andre"]
[Black "Fortin, Marc"]
[Result "1/2-1/2"]
[WhiteElo "1686"]
[BlackElo "1777"]
[PlyCount "81"]
[GameId "2160767911873800"]
[EventDate "1998.03.05"]
[EventType "tourn"]
[EventRounds "7"]
[EventCountry "CAN"]
[SourceTitle "EXT 2000"]
[Source "ChessBase"]
[SourceDate "1999.11.18"]
[SourceVersion "1"]
[SourceVersionDate "1999.11.18"]
[SourceQuality "1"]

1. d4 d5 2. c4 e6 3. Nc3 Nf6 4. Bg5 Be7 5. Nf3 O-O 6. e3 h6 7. Bh4 b6 8. cxd5 Nxd5 9. Bxe7 Qxe7 10. Nxd5 exd5 11. Be2 Bf5 12. Rc1 Rd8 13. O-O c5 14. dxc5 bxc5 15. Nd2 Nc6 16. Nb3 c4 17. Nd4 Nxd4 18. Qxd4 Qb7 19. Rfd1 Qb6 20. Rd2 Qxd4 21. Rxd4 Rab8 22. Rd2 Rdc8 23. Kf1 Rc5 24. Bf3 Rcb5 25. Ke1 Rxb2 26. Rxb2 Rxb2 27. Bxd5 Bd3 28. Bxc4 Re2+ 29. Kd1 Bxc4 30. Rxc4 Rxf2 31. Rc2 Rxc2 32. Kxc2 Kf8 33. Kc3 Ke7 34. Kc4 Kd6 35. Kb5 Kc7 36. Ka6 Kb8 37. Kb5 Kb7 38. Kc5 Kc7 39. Kb5 Kb7 40. Kc5 Kc7 41. Kb5 1/2-1/2

[Event "Quebec-ch U16"]
[Site "Montreal CAN"]
[Date "1998.03.08"]
[Round "7"]
[White "Moss, Laurent"]
[Black "Mogilevsky, Olga"]
[Result "1/2-1/2"]
[WhiteElo "1595"]
[BlackElo "1601"]
[PlyCount "35"]
[GameId "2160767911873801"]
[EventDate "1998.03.05"]
[EventType "tourn"]
[EventRounds "7"]
[EventCountry "CAN"]
[SourceTitle "EXT 2000"]
[Source "ChessBase"]
[SourceDate "1999.11.18"]
[SourceVersion "1"]
[SourceVersionDate "1999.11.18"]
[SourceQuality "1"]

1. d4 Nf6 2. c4 e6 3. Nc3 Bb4 4. e3 Bxc3+ 5. bxc3 b6 6. Bd3 Bb7 7. f3 d6 8. Ne2 Nbd7 9. e4 h6 10. a4 O-O 11. a5 bxa5 12. Rxa5 c5 13. Qa4 Nb6 14. Qa2 cxd4 15. cxd4 Qc7 16. Be3 Rfc8 17. c5 dxc5 18. Rxc5 1/2-1/2

[Event "Quebec-ch U18"]
[Site "Montreal CAN"]
[Date "1998.03.05"]
[Round "1"]
[White "Dumesnil, Etienne"]
[Black "Gottlieb, Jonathan"]
[Result "1-0"]
[WhiteElo "1769"]
[BlackElo "1873"]
[PlyCount "135"]
[GameId "2160767911873803"]
[EventDate "1998.03.05"]
[EventType "tourn"]
[EventRounds "7"]
[EventCountry "CAN"]
[SourceTitle "EXT 2000"]
[Source "ChessBase"]
[SourceDate "1999.11.18"]
[SourceVersion "1"]
[SourceVersionDate "1999.11.18"]
[SourceQuality "1"]

1. e4 c5 2. Nf3 d6 3. d4 cxd4 4. Nxd4 Nf6 5. Nc3 a6 6. Bg5 e6 7. f4 b5 8. Qf3 Bb7 9. Bd3 Nbd7 10. O-O-O Be7 11. Rhe1 Rc8 12. Nce2 Nc5 13. Ng3 Nfd7 14. Bxe7 Qxe7 15. Qe3 O-O 16. Nh1 Nxd3+ 17. Qxd3 Nc5 18. Qe3 Nxe4 19. Nf2 d5 20. Nxe4 dxe4 21. g4 Qc5 22. Re2 Rfd8 23. h4 Bd5 24. Kb1 a5 25. h5 a4 26. h6 Qc4 27. b3 axb3 28. cxb3 Qb4 29. Kb2 Qa5 30. hxg7 b4 31. Rc2 Rxc2+ 32. Nxc2 Rc8 33. Qd4 Rb8 34. Re1 Rb7 35. f5 exf5 36. gxf5 Bc6 37. f6 Rd7 38. Qe5 Qd8 39. Rh1 Rd2 40. Qh5 Rxc2+ 41. Kxc2 Qd3+ 42. Kc1 e3 43. Qc5 Qd2+ 44. Kb1 Be4+ 45. Ka1 Qd8 46. Qf8+ Qxf8 47. gxf8=Q+ Kxf8 48. Re1 Bf5 49. Rxe3 h5 50. Rf3 Bg4 51. Rf4 Kg8 52. Rxb4 Kh7 53. Kb2 Kg6 54. Kc3 Kxf6 55. Kd3 Kg5 56. a4 h4 57. Ke3 Be6 58. a5 f5 59. Kf2 Bd5 60. Rb5 Be4 61. Rb8 h3 62. Kg3 Bg2 63. Rg8+ Kf6 64. Kh2 Bf1 65. Rg3 Ke5 66. Rxh3 Ke4 67. Rh6 f4 68. a6 1-0

[Event "Quebec-ch U18"]
[Site "Montreal CAN"]
[Date "1998.03.05"]
[Round "1"]
[White "Gravel, Simon jr"]
[Black "Marineau, Remi"]
[Result "1-0"]
[WhiteElo "1990"]
[BlackElo "1777"]
[PlyCount "43"]
[GameId "2160767911873804"]
[EventDate "1998.03.05"]
[EventType "tourn"]
[EventRounds "7"]
[EventCountry "CAN"]
[SourceTitle "EXT 2000"]
[Source "ChessBase"]
[SourceDate "1999.11.18"]
[SourceVersion "1"]
[SourceVersionDate "1999.11.18"]
[SourceQuality "1"]

1. d4 d5 2. c4 e6 3. Nc3 c6 4. cxd5 exd5 5. Bf4 f5 6. e3 Nf6 7. Bd3 Bd6 8. Bxd6 Qxd6 9. Nge2 O-O 10. Qc2 Na6 11. a3 Ne4 12. Bxa6 bxa6 13. Rc1 Rb8 14. Na4 a5 15. f3 Nf6 16. Qc5 Qxc5 17. Rxc5 Rb5 18. Rxc6 Bd7 19. Rc7 Rb3 20. Nac3 Rxb2 21. Rxa7 Bb5 22. Rb7 1-0

[Event "Quebec-ch U18"]
[Site "Montreal CAN"]
[Date "1998.03.05"]
[Round "1"]
[White "Hua, Lefong"]
[Black "Airapetyan, David"]
[Result "1/2-1/2"]
[WhiteElo "2223"]
[BlackElo "1811"]
[PlyCount "82"]
[GameId "2160767911873805"]
[EventDate "1998.03.05"]
[EventType "tourn"]
[EventRounds "7"]
[EventCountry "CAN"]
[SourceTitle "EXT 2000"]
[Source "ChessBase"]
[SourceDate "1999.11.18"]
[SourceVersion "1"]
[SourceVersionDate "1999.11.18"]
[SourceQuality "1"]

1. d4 d5 2. c4 e6 3. Nc3 f5 4. Nf3 c6 5. g3 Nf6 6. Bg2 Bd6 7. O-O O-O 8. c5 Bc7 9. Bf4 Ne4 10. Qc2 Nd7 11. b4 Re8 12. Nxe4 fxe4 13. Bg5 Nf6 14. Ne5 h6 15. Be3 Nd7 16. Nxd7 Bxd7 17. f3 exf3 18. Rxf3 e5 19. Qg6 Re6 20. Qf7+ Kh8 21. Qh5 Qe8 22. Qxe8+ Raxe8 23. Rf7 R6e7 24. Rxe7 Rxe7 25. Kf2 Kg8 26. Rd1 g5 27. dxe5 Rf7+ 28. Kg1 Re7 29. Bd4 Bxe5 30. Bxe5 Rxe5 31. e4 Bg4 32. Rd4 Be6 33. a3 Kf7 34. Kf2 dxe4 35. Bxe4 Bd5 36. Bc2 Re6 37. Rd2 Rf6+ 38. Ke1 Rf3 39. Rf2 Ke6 40. Rxf3 Bxf3 41. Kf2 Bd5 1/2-1/2

[Event "Quebec-ch U18"]
[Site "Montreal CAN"]
[Date "1998.03.05"]
[Round "2"]
[White "Airapetyan, David"]
[Black "Gravel, Simon jr"]
[Result "0-1"]
[WhiteElo "1811"]
[BlackElo "1990"]
[PlyCount "94"]
[GameId "2160767911873806"]
[EventDate "1998.03.05"]
[EventType "tourn"]
[EventRounds "7"]
[EventCountry "CAN"]
[SourceTitle "EXT 2000"]
[Source "ChessBase"]
[SourceDate "1999.11.18"]
[SourceVersion "1"]
[SourceVersionDate "1999.11.18"]
[SourceQuality "1"]

1. d4 e6 2. e3 Nf6 3. f4 b6 4. Nf3 Bb7 5. Bd3 c5 6. c3 Qc7 7. O-O Nc6 8. Qe2 Be7 9. Ng5 d5 10. Nf3 O-O-O 11. Ne5 Bd6 12. Nd2 Rdg8 13. Ndf3 Ne8 14. Ba6 f6 15. Bxb7+ Qxb7 16. dxc5 bxc5 17. Nxc6 Qxc6 18. c4 g5 19. cxd5 exd5 20. fxg5 fxg5 21. b4 g4 22. Nh4 Be5 23. Bb2 Bxb2 24. Qxb2 c4 25. Qd4 Kb8 26. b5 Qe6 27. Rf5 Nc7 28. Rb1 Qb6 29. Qf4 Re8 30. Rxd5 Rxe3 31. Kh1 Rhe8 32. Rdd1 c3 33. Qc4 Qe6 34. Qxe6 R8xe6 35. Rf1 Re2 36. Nf5 c2 37. Rbc1 Rf6 38. Kg1 Nxb5 39. Ne3 Rxf1+ 40. Kxf1 Rxe3 41. Rxc2 Re5 42. Kf2 h5 43. Kg3 Nd6 44. Rb2+ Kc7 45. Kh4 a5 46. Rc2+ Kd7 47. Rb2 Ke6 0-1

[Event "Quebec-ch U18"]
[Site "Montreal CAN"]
[Date "1998.03.05"]
[Round "2"]
[White "Dubois, Julien"]
[Black "Gottlieb, Jonathan"]
[Result "0-1"]
[WhiteElo "1789"]
[BlackElo "1873"]
[PlyCount "82"]
[GameId "2160767911873808"]
[EventDate "1998.03.05"]
[EventType "tourn"]
[EventRounds "7"]
[EventCountry "CAN"]
[SourceTitle "EXT 2000"]
[Source "ChessBase"]
[SourceDate "1999.11.18"]
[SourceVersion "1"]
[SourceVersionDate "1999.11.18"]
[SourceQuality "1"]

1. e4 c5 2. c3 d6 3. d4 Nf6 4. Bd3 cxd4 5. cxd4 e5 6. d5 Be7 7. Nc3 O-O 8. h3 Nfd7 9. Nf3 Nc5 10. g4 Nxd3+ 11. Qxd3 Na6 12. Be3 b6 13. O-O-O Nc5 14. Qd2 Ba6 15. h4 Rc8 16. Bxc5 Rxc5 17. Kb1 b5 18. g5 Qa5 19. Ne2 b4 20. Rc1 Rfc8 21. Rxc5 Rxc5 22. Nc1 Bc4 23. b3 Bb5 24. Ne1 Bd8 25. Ncd3 Rc3 26. Nb2 Bb6 27. Ned3 Bd4 28. Rc1 Qa3 29. Ne1 g6 30. Nc2 Qxb2+ 31. Kxb2 Rd3+ 32. Nxd4 Rxd2+ 33. Nc2 Bd3 34. f3 Rf2 35. a3 a5 36. axb4 axb4 37. f4 exf4 38. e5 dxe5 39. d6 Bxc2 40. Rxc2 Rxc2+ 41. Kxc2 Kf8 0-1